000 00477nam a2200169Ia 4500
008 181130s2018 xx 000 0 und d
100 _aToubeau, Simon
245 _aRestructuring the state:
_bmainstream responses to regional nationalism
260 _c2018
300 _ap.76-101.
504 _dWinter
650 _aFederalism
650 _aInter governmental relations
650 _aRegionalism
773 _aPublius: the Journal of Federalism
906 _aRegionalism
999 _c506649
_d506649